Gone to sanctuary : from the sins of confusion /

Bibliographic Details
Main Author: Kiewit, John S., 1948-
Format: Book
Language:English
Published: Santa Barbara, Calif. : Capra Press, [1997]
Edition:1st ed.
Subjects:

MARC

Tag First Indicator Second Indicator Subfields
LEADER 00000cam a2200000 a 4500
001 in00001403818
005 20151020053158.0
008 970110s1997 caua 000 0 eng
010 |a  97003464  
020 |a 0884964221 (hardcover : alk. paper) 
020 |a 088496423X (pbk. : alk. paper) 
035 |a (OCoLC)36225177 
035 |9 AHM7294AM 
040 |a DLC  |c DLC  |d C#P  |d TXA  |d UtOrBLW 
043 |a n-usp-- 
049 |a TXAM 
050 0 0 |a TR660.5  |b .K54 1997 
082 0 0 |a 779/.3678  |2 21 
100 1 |a Kiewit, John S.,  |d 1948- 
245 1 0 |a Gone to sanctuary :  |b from the sins of confusion /  |c photographs by John S. Kiewit. 
250 |a 1st ed. 
264 1 |a Santa Barbara, Calif. :  |b Capra Press,  |c [1997] 
264 4 |c ©1997 
300 |a 254 pages :  |b chiefly illustrations (some color) ;  |c 27 x 28 cm. 
336 |a text  |b txt  |2 rdacontent 
337 |a unmediated  |b n  |2 rdamedia 
338 |a volume  |b nc  |2 rdacarrier 
650 0 |a Landscape photography  |z West (U.S.) 
650 0 |a Photography, Artistic. 
651 0 |a West (U.S.)  |v Pictorial works. 
600 1 0 |a Kiewit, John S.,  |d 1948- 
999 |a MARS 
999 f f |s 993dc566-959f-3fd9-a4f1-dbfa242f819b  |i e27a2dd3-fd0c-3f27-b6d7-9e96ff76dd87  |t 0 
952 f f |p ric  |a Texas A&M University  |b Rellis Campus  |c Joint Library Facility  |d Remote Storage  |t 0  |e TR660.5 .K54 1997  |h Library of Congress classification  |i unmediated -- volume  |m A14822047287 
998 f f |a TR660.5 .K54 1997  |t 0  |l Remote Storage